OIC Countries on a Map - Statistics

General Stats
  • This quiz has been taken 319 times
    143 since last reset
  • The average score is 50 of 61
Answers on the Map
Answers color-coded by a green-red scale on the quiz's map according to % correct below.
 
Answer Stats
Answer % Correct
Egypt
96%
Iraq
96%
Chad
95%
Iran
95%
Mali
95%
Niger
95%
Saudi Arabia
95%
Yemen
95%
Libya
94%
Morocco
94%
Oman
94%
Sudan
94%
Tunisia
94%
Türkiye
94%
Algeria
92%
Qatar
92%
Syria
92%
Afghanistan
91%
Bahrain
91%
Jordan
91%
Nigeria
91%
United Arab Emirates
91%
Kuwait
90%
Mauritania
90%
Pakistan
90%
Somalia
88%
Turkmenistan
88%
Azerbaijan
87%
Guinea
87%
Kazakhstan
87%
Uzbekistan
87%
Indonesia
86%
Lebanon
86%
Burkina Faso
85%
Kyrgyzstan
85%
Malaysia
85%
Senegal
85%
Bangladesh
83%
Benin
83%
Tajikistan
82%
Albania
81%
Djibouti
79%
Gambia
79%
Guinea-Bissau
79%
Maldives
79%
Brunei
77%
Togo
77%
Sierra Leone
74%
Cameroon
72%
Comoros
72%
Ivory Coast
72%
Bosnia and Herzegovina
68%
Central African Republic
67%
Palestine
65%
Gabon
63%
Suriname
63%
guyana
58%
Uganda
55%
Russia
53%
Mozambique
40%
Thailand
38%
No matching quizzes found
Score Distribution
Percent of People with Each Score
Percentile by Number Answered
Your Score History
You have not taken this quiz since the last reset